| Поле | Название | Значение |
| |
Тип записи |
c |
| |
Библиографический уровень |
m |
| 001 |
Контрольный номер |
UONB/MAIN/ecbfa1350d2c4e81847af84a54df3acb |
| 005 |
Дата корректировки |
20251126094751.0 |
| 010 |
Индекс ISBN |
__ |
| 9 |
Тираж |
50000 экз. |
| 013 |
Номер (ISMN) |
__ |
| d |
Цена |
75 к. |
| 071 |
Издательские номер (звукозапись и ноты) |
21 |
| a |
Номер, присвоенный агентством |
13753 |
| 100 |
Данные общей обработки |
__ |
| a |
Данные общей обработки |
20241206b1988 a y0rusy0189 ca |
| 101 |
Язык документа |
0_ |
| a |
Язык текста |
rus |
| f |
Язык титульного листа |
rus |
| 102 |
Страна публикации |
__ |
| a |
Страна публикации |
RU |
| 125 |
Кодированные данные звукозаписи и нотных изданий |
__ |
| a |
Форма изложения нотного текста |
с |
| 128 |
Кодированные данные (звукозаписи-физические характеристики) |
__ |
| a |
Кодированные данные: Музыкальная форма и тональность или лад |
sg |
| b |
Инструменты или голоса, необходимые для ансамблей (устаревшее) |
cd |
| c |
Инструменты или голоса, рекомендуемые для солистов (устаревшее) |
kt |
| 200 |
Заглавие и сведения об ответственности |
1_ |
| a |
Заглавие |
[Вып. 1] |
| 203 |
Вид содержания и тип средства |
__ |
| a |
Вид содержания |
Музыка |
| b |
Характеристика содержания |
знаковая |
| c |
Тип средства |
непосредственная |
| 210 |
Выходные данные |
1_ |
| d |
Дата издания |
1988 |
| 215 |
Физическое описание |
__ |
| a |
Объем |
48 с. |
| 327 |
Примечание о содержании |
11 |
| a |
Примечание о содержании |
Содерж.: Чичков Ю. Нам мир завещано беречь / сл. М. Пляцковского ; Наташка-первоклашка / сл. К. Ибряева. Пахмутова А. Улица Мира ; До свиданья, Москва / сл. Н. Добронравова. Тухманов Д. Аист на крыше / сл. А. Поперечного. Песков Н. Чтобы солнышко светило / сл. С. Фурина. Островский А. Пусть всегда будет солнце / сл. Л. Ошанина. Шаинский В. Крейсер "Аврора" ; Вместе весело шагать / сл. М. Матусовского ; Когда мои друзья со мной / сл. М. Танича ; Песенка крокодила Гены : из мультфильма "Чебурашка" ; Голубой вагон : из мультфильма "Старуха Шапокляк" / сл. Э. Успенского ; Улыбка : из мультфильма "Крошка Енот" / сл. М. Пляцковского. Белый В. Орленок / сл. Я. Шведова. Жарковский Е. Женька / сл. К. Ваншенкина. Новиков А. Дороги дальние / сл. М. Львовского. Ханок Э. Солнышко смеется / сл. И. Векшегоновой. Савельев Б. Настоящий друг : из мультфильма "Тимка и Димка" / сл. М. Пляцковского. Рыбников А. Песенка Красной Шапочки : из кинофильма "Про Красную Шапочку" / сл. Ю. Михайлова. Паулс Р. Мальчик и сверчок : из цикла "Пять сказочек" / сл. Аспазии. |
| 461 |
Уровень набора |
_0 |
| 1 |
|
2001 |
| a |
|
С песней весело шагать |
| e |
|
популярные песни для детей в переложении для баяна или аккордеона |
| f |
|
составитель А. Крылусов |
| v |
|
[Вып. 1] |
| 1 |
|
2101 |
| d |
|
1988 - |
| a |
|
Москва |
| c |
|
Музыка |
| 1 |
|
001UONB/MAIN/ef0ace6737f64c2aac9ea0152c13e99a |
| 1 |
|
215 |
| d |
|
29 см |
| 464 |
Аналитический уровень |
_0 |
| 1 |
|
036 |
| t |
|
Для дружбы, для улыбок и для встреч... |
| 1 |
|
700 1 |
| a |
|
Чичков |
| b |
|
Ю. |
| 1 |
|
702 1 |
| a |
|
Пляцковский |
| b |
|
М. |
| 4 |
|
520 |
| 1 |
|
2001 |
| a |
|
Нам мир завещано беречь |
| 464 |
Аналитический уровень |
_0 |
| 1 |
|
036 |
| t |
|
Сверкают багряные гроздья рябин... |
| 1 |
|
700 1 |
| a |
|
Чичков |
| b |
|
Ю. |
| 1 |
|
702 1 |
| a |
|
Ибряев |
| b |
|
К. |
| 4 |
|
520 |
| 1 |
|
2001 |
| a |
|
Наташка-первоклашка |
| 464 |
Аналитический уровень |
_0 |
| 1 |
|
036 |
| t |
|
На улице Мира - веселый народ... |
| 1 |
|
700 1 |
| a |
|
Пахмутова |
| b |
|
А. |
| 1 |
|
702 1 |
| a |
|
Добронравов |
| b |
|
Н. |
| 4 |
|
520 |
| 1 |
|
2001 |
| a |
|
Улица Мира |
| 464 |
Аналитический уровень |
_0 |
| 1 |
|
036 |
| t |
|
На трибунах становится тише... |
| 1 |
|
700 1 |
| a |
|
Пахмутова |
| b |
|
А. |
| 1 |
|
702 1 |
| a |
|
Добронравов |
| b |
|
Н. |
| 4 |
|
520 |
| 1 |
|
2001 |
| a |
|
До свиданья, Москва |
| 464 |
Аналитический уровень |
_0 |
| 1 |
|
036 |
| t |
|
Где это было, когда это было?.. |
| 1 |
|
700 1 |
| a |
|
Тухманов |
| b |
|
Д. |
| 1 |
|
702 1 |
| a |
|
Поперечный |
| b |
|
А. |
| 4 |
|
520 |
| 1 |
|
2001 |
| a |
|
Тухманов Д. Аист на крыше / сл. А. Поперечного |
| 464 |
Аналитический уровень |
_0 |
| 1 |
|
700 1 |
| a |
|
Песков |
| b |
|
Н. |
| 1 |
|
702 1 |
| a |
|
Фурин |
| b |
|
С. |
| 1 |
|
71112 |
| 4 |
|
520 |
| 1 |
|
2001 |
| a |
|
Чтобы солнышко светило |
| 464 |
Аналитический уровень |
_0 |
| 1 |
|
036 |
| t |
|
Солнечный круг... |
| 1 |
|
700 1 |
| a |
|
Островский |
| b |
|
А. |
| 1 |
|
702 1 |
| a |
|
Ошанин |
| b |
|
Л. |
| 4 |
|
520 |
| 1 |
|
2001 |
| a |
|
Пусть всегда будет солнце |
| 464 |
Аналитический уровень |
_0 |
| 1 |
|
036 |
| t |
|
Дремлет притихший северный город... |
| 1 |
|
700 1 |
| a |
|
Шаинский |
| b |
|
В. |
| 1 |
|
702 1 |
| a |
|
Матусовский |
| b |
|
М. |
| 4 |
|
520 |
| 1 |
|
2001 |
| a |
|
Крейсер "Аврора" |
| 464 |
Аналитический уровень |
_0 |
| 1 |
|
700 1 |
| a |
|
Шаинский |
| b |
|
В. |
| 1 |
|
702 1 |
| a |
|
Матусовский |
| b |
|
М. |
| 4 |
|
520 |
| 1 |
|
2001 |
| a |
|
Вместе весело шагать |
| 464 |
Аналитический уровень |
_0 |
| 1 |
|
700 1 |
| a |
|
Шаинский |
| b |
|
В. |
| 1 |
|
702 1 |
| a |
|
Танич |
| b |
|
М. |
| 4 |
|
520 |
| 1 |
|
2001 |
| a |
|
Когда мои друзья со мной |
| 464 |
Аналитический уровень |
_0 |
| 1 |
|
036 |
| t |
|
Пусть бегут неуклюже... |
| 1 |
|
700 1 |
| a |
|
Шаинский |
| b |
|
В. |
| 1 |
|
702 1 |
| a |
|
Успенский |
| b |
|
Э. |
| 4 |
|
520 |
| 1 |
|
2001 |
| a |
|
Песенка крокодила Гены |
| e |
|
из мультфильма "Чебурашка" |
| 1 |
|
50010 |
| a |
|
Чебурашка |
| 464 |
Аналитический уровень |
_0 |
| 1 |
|
036 |
| t |
|
Медленно минуты уплывают вдаль... |
| 1 |
|
700 1 |
| a |
|
Шаинский |
| b |
|
В. |
| 1 |
|
702 1 |
| a |
|
Успенский |
| b |
|
Э. |
| 4 |
|
520 |
| 1 |
|
2001 |
| a |
|
Голубой вагон |
| e |
|
из мультфильма "Старуха Шапокляк" |
| 1 |
|
50010 |
| a |
|
Старуха Шапокляк |
| 464 |
Аналитический уровень |
_0 |
| 1 |
|
036 |
| t |
|
От улыбки хмурый день светлей... |
| 1 |
|
700 1 |
| a |
|
Шаинский |
| b |
|
В. |
| 1 |
|
702 1 |
| a |
|
Пляцковский |
| b |
|
М. |
| 4 |
|
520 |
| 1 |
|
2001 |
| a |
|
Улыбка |
| e |
|
из мультфильма "Крошка Енот" |
| 1 |
|
50010 |
| a |
|
Крошка Енот |
| 464 |
Аналитический уровень |
_0 |
| 1 |
|
036 |
| t |
|
Орлёнок, орленок, взлети выше солнца... |
| 1 |
|
700 1 |
| a |
|
Белый |
| b |
|
В. |
| 1 |
|
702 1 |
| a |
|
Шведов |
| b |
|
я |
| 4 |
|
520 |
| 1 |
|
2001 |
| a |
|
Орленок |
| 464 |
Аналитический уровень |
_0 |
| 1 |
|
036 |
| t |
|
Стоит средь лесов деревенька... |
| 1 |
|
700 1 |
| a |
|
Жарковский |
| b |
|
Е. |
| 1 |
|
702 1 |
| a |
|
Ваншенкин |
| b |
|
К. |
| 4 |
|
520 |
| 1 |
|
2001 |
| a |
|
Женька |
| 464 |
Аналитический уровень |
_0 |
| 1 |
|
036 |
| t |
|
Зарю встречает поезд наш... |
| 1 |
|
700 1 |
| a |
|
Новиков |
| b |
|
А. |
| 1 |
|
702 1 |
| a |
|
Львовский |
| b |
|
М. |
| 4 |
|
520 |
| 1 |
|
2001 |
| a |
|
Дороги дальние |
| 464 |
Аналитический уровень |
_0 |
| 1 |
|
700 1 |
| a |
|
Ханок |
| b |
|
Э. |
| 4 |
|
520 |
| 1 |
|
702 1 |
| a |
|
Векшегонова |
| b |
|
И. |
| 4 |
|
520 |
| 1 |
|
2001 |
| a |
|
Солнышко смеется |
| 464 |
Аналитический уровень |
_0 |
| 1 |
|
036 |
| t |
|
Дружба крепкая не сломается... |
| 1 |
|
700 1 |
| a |
|
Савельев |
| b |
|
Б. |
| 1 |
|
702 1 |
| a |
|
Пляцковский |
| b |
|
М. |
| 4 |
|
520 |
| 1 |
|
2001 |
| a |
|
Настоящий друг |
| e |
|
из мультфильма "Тимка и Димка" |
| 1 |
|
50010 |
| a |
|
Тимка и Димка |
| 464 |
Аналитический уровень |
_0 |
| 1 |
|
036 |
| t |
|
Если долго, долго, долго... |
| 1 |
|
700 1 |
| a |
|
Рыбников |
| b |
|
А. |
| 1 |
|
702 1 |
| a |
|
Михайлов |
| b |
|
Ю. |
| 4 |
|
520 |
| 1 |
|
2001 |
| a |
|
Песенка Красной Шапочки |
| e |
|
из кинофильма "Про Красную Шапочку" |
| 1 |
|
50010 |
| a |
|
Про Красную Шапочку |
| 464 |
Аналитический уровень |
_0 |
| 1 |
|
036 |
| t |
|
Скрипнул сверчок за печкою... |
| 1 |
|
700 1 |
| a |
|
Паулс |
| b |
|
Р. |
| 1 |
|
702 1 |
| a |
|
Аспазия |
| 4 |
|
520 |
| 1 |
|
2001 |
| a |
|
Мальчик и сверчок |
| e |
|
из цикла "Пять сказочек" |
| 1 |
|
50010 |
| a |
|
Пять сказочек |
| 606 |
Тематические рубрики |
0_ |
| a |
Основная рубрика |
Баян |
| x |
Основная подрубрика |
Детские песни советских композиторов |
| x |
Основная подрубрика |
Переложения для баяна и аккордеона |
| 610 |
Ключевые слова |
0_ |
| a |
Ключевые слова |
баян; аккордеон; детские песни советских композиторов; переложения для баяна и аккордеона |
| 686 |
Индексы других классификаций |
__ |
| 2 |
Код системы |
rubbk |
| a |
Классификационный индекс |
85.954.6-094(2)я43 |
| 686 |
Индексы других классификаций |
__ |
| a |
Классификационный индекс |
85.984.0-46(2)я44 |
| 801 |
Источник записи |
_0 |
| a |
Страна |
RU |
| b |
Организация |
Ульяновская ОНБ |
| c |
Дата составления |
20241206 |
| g |
Правила каталогизации |
RCR |
| 801 |
Источник записи |
_1 |
| a |
Страна |
RU |
| b |
Организация |
Ульяновская ОНБ |
| c |
Дата составления |
20241206 |
| g |
Правила каталогизации |
RCR |
| 901 |
Тип документа |
__ |
| t |
Тип документа |
n |
| w |
Контрольный № источника |
UONB/MAIN/ef0ace6737f64c2aac9ea0152c13e99a |
| 909 |
Создатель записи |
__ |
| a |
Создатель записи |
Никитина Т. А. |
| b |
Дата создания записи |
20241206 |